Методическая записка по инженерной геодезии. Тема 2: Условные знаки (Запись № 9465929)

Подробности
000 -МАРКЕР
контрольное поле 01506nam2a22002891 4500
001 - ИДЕНТИФИКАТОР ЗАПИСИ
контрольное поле rc\4099884
005 - ИДЕНТИФИКАТОР ВЕРСИИ
контрольное поле 20250611091459.0
021 ## - НОМЕР ГОСУДАРСТВЕННОЙ РЕГИСТРАЦИИ
Код страны Российская Федерация
Номер [48-25335]
035 ## - ДРУГИЕ СИСТЕМНЫЕ НОМЕРА
Идентификатор записи (NLR Aleph) 008137991
100 ## - ДАННЫЕ ОБЩЕЙ ОБРАБОТКИ
Данные общей обработки 20130415d1948 |||y0rusy50 ca
101 0# - ЯЗЫК РЕСУРСА
Язык текста, звукозаписи и т.д. русский
102 ## - СТРАНА ПУБЛИКАЦИИ ИЛИ ПРОИЗВОДСТВА
Страна публикации Российская Федерация
105 ## - ПОЛЕ КОДИРОВАННЫХ ДАННЫХ: ТЕКСТОВЫЕ МАТЕРИАЛЫ, МОНОГРАФИЧЕСКИЕ
Кодированные данные о монографическом текстовом документе ae z |||||
200 1# - ЗАГЛАВИЕ И СВЕДЕНИЯ ОБ ОТВЕТСТВЕННОСТИ
Основное заглавие Условные знаки
210 ## - ПУБЛИКАЦИЯ, РАСПРОСТРАНЕНИЕ И ДР.
Место издания, распространения и т.д. [Ленинград]
Имя издателя, распространителя и т. д. типолит. ЛКВВИА
Дата издания, распространения и т.д. 1948
215 ## - ФИЗИЧЕСКАЯ ХАРАКТЕРИСТИКА
Специфическое обозначение материала и объем 11 с., 1 л. пл.
Другие сведения о физической характеристике черт.
461 #0 - УРОВЕНЬ НАБОРА
Встроенное поле 001rc\4099883
-- 2001#$aМетодическая записка по инженерной геодезии$fСост. инж.-подполк. Голиков Е.Д.$gЛенингр. краснознам. воен.-воздуш. инж. акад.$vТема 2
-- 700#1$aГоликов$bЕ.Д.$gЕвгений Дмитриевич$4220
Системный номер (АБИС) связанной записи 9465925
Автор Голиков, Е.Д.
Место публикации [Ленинград]
Дата публикации 1948
Первые сведения об ответственности Сост. инж.-подполк. Голиков Е.Д.
Имя издателя, распространителя и т.д. типолит. ЛКВВИА
Заглавие Методическая записка по инженерной геодезии
Номер тома Тема 2
608 ## - ФОРМА, ЖАНР, ФИЗИЧЕСКИЕ ХАРАКТЕРИСТИКИ ДОКУМЕНТА КАК ТОЧКА ДОСТУПА
Начальный элемент ввода Топографические карты
Тематический подзаголовок Условные знаки
Системный номер авторитетной/нормативной записи 1780025
Идентификатор авторитетной/нормативной записи RU\NLR\AUTH\661094595
608 ## - ФОРМА, ЖАНР, ФИЗИЧЕСКИЕ ХАРАКТЕРИСТИКИ ДОКУМЕНТА КАК ТОЧКА ДОСТУПА
Начальный элемент ввода Военно-топографические карты
Тематический подзаголовок Условные обозначения
Системный номер авторитетной/нормативной записи 1304508
Идентификатор авторитетной/нормативной записи RU\NLR\AUTH\66223409
686 1# - ИНДЕКСЫ ДРУГИХ КЛАССИФИКАЦИЙ
Индекс Ц934.4
801 #0 - ИСТОЧНИК ЗАПИСИ
Страна Российская Федерация
Организация NLR
Правила каталогизации psbo
801 #1 - ИСТОЧНИК ЗАПИСИ
Страна Российская Федерация
Организация ELAR
Источник данных rusmarc
852 ## - МЕСТОНАХОЖДЕНИЕ И ШИФР ХРАНЕНИЯ
Идентификатор организации NLR
Шифр хранения (Call Number) Гд02 Г-6/43
942 ## - ДОПОЛНИТЕЛЬНЫЕ ЭЛЕМЕНТЫ ЗАПИСИ (АБИС)
Тип экземпляра АБИС Книга
980 ## - КОЛЛЕКЦИЯ
Название коллекции Национальная библиография
Экземпляры
Тип экземпляра Дата поступления Библиотека постоянного хранения Библиотека текущего хранения Место хранения Шифр хранения Штрих-код Статус экземпляра
Книга 26.10.2013 РНБ (Садовая) РНБ (Садовая) Русский книжный фонд -Главное здание, Ленинский читальный зал Гд02 Г-6/43 8137991-10